Фазовые превращения в твердом сплаве при трении и оценке фрактальных свойств поверхностей трения; Трение и износ; Т. 21, № 1

Бібліографічні деталі
Parent link:Трение и износ: международный научный журнал.— , 1980-
Т. 21, № 1.— 2000.— С. 82-88
Автор: Гнюсов С. Ф. Сергей Фёдорович
Інші автори: Тарасов С. Ю. Сергей Юльевич
Резюме:В фонде НТБ ТПУ отсутствует
Мова:Російська
Опубліковано: 2000
Предмети:
Формат: Частина з книги
KOHA link:https://koha.lib.tpu.ru/cgi-bin/koha/opac-detail.pl?biblionumber=599672

MARC

LEADER 00000naa0a2200000 4500
001 599672
005 20250122092825.0
035 |a (RuTPU)RU\TPU\tpu\23801 
035 |a RU\TPU\tpu\23799 
090 |a 599672 
100 |a 20131021d2000 k||y0rusy50 ca 
101 0 |a rus 
102 |a RU 
200 1 |a Фазовые превращения в твердом сплаве при трении и оценке фрактальных свойств поверхностей трения  |f С. Ф. Гнюсов, С. Ю. Тарасов 
333 |a В фонде НТБ ТПУ отсутствует 
461 |t Трение и износ  |o международный научный журнал  |d 1980- 
463 |t Т. 21, № 1  |v С. 82-88  |d 2000 
610 1 |a труды учёных ТПУ 
700 1 |a Гнюсов  |b С. Ф.  |c специалист в области машиностроения  |c профессор Томского политехнического университета, доктор технических наук  |f 1960-  |g Сергей Фёдорович  |3 (RuTPU)RU\TPU\pers\26508 
701 1 |a Тарасов  |b С. Ю.  |c специалист в области машиностроения  |c профессор Томского политехнического университета, доктор технических наук  |f 1959-  |g Сергей Юльевич  |3 (RuTPU)RU\TPU\pers\31399  |4 070  |9 15571 
801 1 |a RU  |b 63413507  |c 20131019 
801 2 |a RU  |b 63413507  |c 20131204  |g RCR 
942 |c CR